000 00569nam a2200181 i 4500
001 31333
003 ES-MaACL
005 20251005063034.0
007 t|
008 201006s1868 fr ||||1| fre d
100 1 _aWolowski, Louis,
_d1810-1876
_9154526
245 1 0 _aDe l'Influence du change sur le marché monétaire /
_cpar M. L. Wolowski.
260 _aParis :
_bImpr. de J. Claye,
_c1868.
300 _a31 p. ;
_ccm.
500 _aExtrait de la "Revue des Deux Mondes", 15 septembre 1868.
852 _aES-MaACL
_jT-1284-F-12
999 _c31333
_d31333